000
00307nam a2200121 a 4500
005
20140414131852.0
008
100807s19uu xx 00 eng d
050
_a
M 591.7
_b
An5 2001
245
_a
Animals in the wild.
260
_a
London :
_b
Octopus Pub,
_c
1998.
650
_a
Wild animals
999
_c
110257
_d
110257